| 000 | 00644nam a2200205 a 4500 | ||
|---|---|---|---|
| 001 | 0386 | ||
| 005 | 20140414132030.0 | ||
| 008 | 040913s19uu xx 00 eng d | ||
| 020 | _a0-7214-2549-6 | ||
| 050 |
_aTR _bP78 2001 |
||
| 100 | _aDowns, Dawn | ||
| 245 |
_aPooh's day to play / _cwritten by Dawn Downs Purney, Sue Kennedy. |
||
| 260 |
_aAustralia : _bdisney Enterprises, _c2001. |
||
| 300 | _a32 p. : ill. ; cm. | ||
| 440 | _aI can learn with Pooh series | ||
| 520 | _aReading, mathematics, language, writing, and fine motor skills essential to your child needs. | ||
| 650 | _aActivities. | ||
| 999 |
_c113616 _d113616 |
||